| 000 | 00868nam a2200301 a 4500 | ||
|---|---|---|---|
| 001 | 000110178 | ||
| 003 | CHAP | ||
| 005 | 20220329144121.0 | ||
| 008 | 140729s2012 mx a |r| |||||||spa d | ||
| 010 | _a106640 | ||
| 011 | _a107612 | ||
| 020 | _a9786070232138 | ||
| 040 | _cCHAP | ||
| 082 | 0 | 4 |
_a580.3 _bG56 |
| 245 | 0 | 0 |
_aGlosario ilustrado de embriofitas / _cpor Susana Valencia Ávalos ...[et al.]. |
| 260 |
_aMéxico : _bUNAM. Facultad de Ciencias, _c2012. |
||
| 300 |
_a119 p. : _bil. |
||
| 490 | 1 | _aLas prensas de ciencias | |
| 590 |
_aE6096MTM _b05 _c20140729 _lUCH01 _h1500 |
||
| 650 | 1 | 4 |
_aBotánica _xDiccionarios. _914530 |
| 650 | 1 | 4 |
_aEmbryophyta. _936499 |
| 650 | 1 | 4 |
_aPlantas _xIdentificación. _988842 |
| 700 | 1 |
_aValencia Ávalos, Susana _9127609 |
|
| 830 | 4 |
_aLas prensas de ciencias _965007 |
|
| 901 | _aBK | ||
| 942 | _cLIBRO | ||
| 942 | _n0 | ||
| 999 |
_c106640 _d106640 |
||